[Event "Gashimov Memorial 3rd"]
[Site "Shamkir"]
[Date "2016.06.04"]
[Round "9"]
[White "Hou, Yifan"]
[Black "Mamedov, Rauf"]
[Result "0-1"]
[WhiteElo "2663"]
[BlackElo "2655"]
[Annotator "Pavlovic,M"]
[PlyCount "104"]
[EventDate "2016.05.26"]
[EventType "tourn"]
[EventRounds "9"]
[EventCountry "AZE"]
[EventCategory "20"]
[SourceTitle "CBM 173"]
[Source "ChessBase"]
[SourceDate "2016.07.12"]
[SourceVersion "1"]
[SourceVersionDate "2016.07.12"]
[SourceQuality "1"]

1. Nf3 d5 2. c4 c6 3. g3 g6 4. Qa4 {A mixture of everything!} d4 {We have a
Reversed Benoni Reti English Grünfeld... in other words a picturesque
position!} 5. e3 {A new idea.} ({A few examples of the other way of handling
this position:} 5. b4 Bg7 6. d3 e5 7. Nbd2 Ne7 8. Bg2 O-O 9. Ba3 Nd7 10. O-O h6
({or:} 10... Qc7 11. Rfb1 h6 12. Nb3 Re8 13. Nfd2 a6 14. c5 Nf6 15. Nc4 Ned5
16. Bb2 Bg4 17. Re1 Rad8 18. Rac1 Bf8 19. Nbd2 h5 20. a3 h4 {1/2-1/2 (74)
Harikrishna,P (2705)-Inarkiev,E (2688) Havana 2013 with a highly complicated
position}) 11. Rab1 f5 12. b5 c5 13. Nb3 Qc7 14. e3 dxe3 15. fxe3 e4 $5 16.
dxe4 fxe4 17. Nfd2 Rxf1+ 18. Rxf1 b6 19. Nxe4 Bb7 $44 {0-1 (40) Le Roux,J 
(2572)-Landa,K (2626) Hockenheim 2015}) 5... dxe3 6. dxe3 (6. fxe3 Bg7 7. d4
Nf6 8. Bg2 O-O 9. O-O c5 10. Nc3 Nfd7 $5 {with an interesting type of game.})
6... Na6 7. Nc3 Nc5 8. Qc2 Bg7 9. h3 Nf6 10. e4 O-O 11. Be3 Qa5 {Black is
indeed fast here with his development.} 12. Bd2 Qb6 13. Rd1 Rd8 14. Be2 Be6 15.
Kf1 h6 $5 {Having a little trick in mind...} (15... Nfxe4 16. Nxe4 Bf5 17. Nfg5
Nxe4 18. Nxe4 Qxb2 19. Qxb2 Bxb2 20. f3 $16) 16. g4 (16. Kg2 Nfxe4 $1 17. Nxe4
Bf5 $19) 16... Qc7 {Obviously Black is already better here; White simply has
problems in developing in a normal way and not only that, his structure is
compromised.} 17. b4 Ncd7 18. g5 hxg5 19. Nxg5 Nf8 20. Kg2 N6h7 21. h4 a5 22.
a3 axb4 23. axb4 Nxg5 24. hxg5 Qe5 {The idea is ...Rxd2.} 25. Rc1 b5 $17 26.
Be3 (26. cxb5 cxb5 27. f4 Qd6 28. Rhd1 Qxb4 29. Nxb5 Qa4 30. Qxa4 Rxa4 $17)
26... Bxc4 27. Bxc4 bxc4 28. Ne2 c3 29. Nxc3 Qe6 (29... Ne6 $1 30. Rhd1 Rxd1
31. Nxd1 Rb8 $17) 30. Rh3 Ra3 31. Nb1 Rb3 32. Nd2 Rc3 33. Qd1 Rcd3 34. Rc2 Nh7
(34... Bd4 $1 35. Qe2 Bxe3 36. Rxe3 Rxe3 37. Qxe3 (37. fxe3 Nh7 $19) 37... Qg4+
38. Qg3 Qd1 $19) 35. Qh1 Nxg5 36. Bxg5 Qg4+ 37. Rg3 Rxg3+ 38. fxg3 Qxg5 $19 39.
Nf3 Qb5 40. Qe1 Qa4 41. Rd2 Rb8 42. e5 Bh6 43. Rd4 Qc2+ 44. Qf2 Qb3 45. Qe1 Be3
46. Rh4 Ra8 47. Kh3 Qd3 48. Rg4 e6 49. Ng5 Bxg5 50. Rxg5 Qf3 51. Rg4 Kg7 52.
Rh4 g5 0-1

[Event "Dortmund SuperGM 41st"]
[Site "Dortmund"]
[Date "2013.08.04"]
[Round "9"]
[White "Wang, Hao"]
[Black "Meier, Georg"]
[Result "1-0"]
[WhiteElo "2752"]
[BlackElo "2610"]
[Annotator "Pavlovic,M"]
[PlyCount "131"]
[EventDate "2013.07.26"]
[EventType "tourn"]
[EventRounds "9"]
[EventCountry "GER"]
[EventCategory "19"]
[SourceTitle "CBM 156"]
[Source "ChessBase"]
[SourceDate "2013.09.17"]
[SourceVersion "1"]
[SourceVersionDate "2013.09.17"]
[SourceQuality "1"]

1. Nf3 d5 2. g3 c6 3. Bg2 Bg4 4. c4 {Of course, White can also go for a d3 e4
setup; that would be a completely different approach.} e6 5. O-O Nf6 6. d3 Bd6
$5 {The Reti Opening is a slow type of chess with many ideas inside it. Here
we see that Black avoids an early Nbd7 keeping open the option of c6xd5! In
that case the knight would come straight away to c6.} 7. Qb3 (7. cxd5 cxd5 $1 {
that would be the idea} 8. Qb3 Qd7 9. Nc3 (9. Bg5 Nc6 10. Nc3 Bxf3 11. exf3 Be7
12. Ne2 O-O 13. Be3 Rfc8 14. h3 a5 $15 {0-1 (33) Maletin,P (2468)-Sambuev,B 
(2536) Moscow RUS 2005}) 9... Nc6 10. Nb5 Bb8 11. Be3 O-O 12. h3 Bh5 (12...
Bxf3 $1 13. Bxf3 Be5 14. Rfc1 Rfc8 $13) 13. Rac1 Re8 14. Rfe1 h6 15. Nbd4 Nxd4
16. Bxd4 e5 17. Bc3 e4 18. dxe4 Nxe4 19. Rcd1 Bxf3 20. exf3 $16 {0-1 (61)
Maletin,P (2423)-Kornev,A (2582) Tomsk RUS 2004}) 7... Qb6 8. Be3 Qxb3 9. axb3
a6 10. h3 Bxf3 $1 11. Bxf3 Nbd7 12. Bg2 O-O 13. g4 {I am not sure about this
so early} (13. Nc3 {and now if Black goes for the same idea like in the game...
} Ne8 14. f4 $5 f5 15. Bf2 Nc7 16. e4 $13 dxe4 17. dxe4 Rad8 18. Rad1 Be7 19.
Na4 $14 {This looks at least much more to the point, compared to the game.})
13... Ne8 14. Nc3 Nc7 15. d4 f5 $1 {After this White is stopped everywhere,
Black is ok.} 16. Bd2 Nf6 17. f3 Rad8 18. Rfd1 Be7 19. Bf4 Bd6 20. Be3 Rf7 21.
Rac1 Re8 22. Rc2 Nd7 (22... h6 $1 23. Bf2 f4 24. e3 fxe3 25. Bxe3 Nd7 $15) 23.
Bf2 f4 24. g5 $1 h6 25. gxh6 gxh6 26. h4 Rg7 27. Kh2 Kf7 28. Bh3 Reg8 29. Na2
$1 Ne8 30. Nc1 Nef6 31. Nd3 {Finally White has managed to come up with some
play.} h5 $6 {Not a big mistake, but an unnecessary move.} (31... Nh5 $1 {
leaving the h5-square for the knight would help Black tremendously.}) 32. Kh1
Ke7 33. Rcc1 Rg6 34. Rg1 Rxg1+ 35. Bxg1 Nf8 36. Bh2 Ng6 37. Rg1 a5 38. Rg5 Kf7
{Still everything looks ok for Black.} 39. c5 Bc7 40. Kg1 b6 $6 {This is an
introduction to losing the game.} (40... Ne8 $1 41. Kf1 Ng7 {[%cal Gc7d8]} 42.
Rg1 Re8 43. Kf2 $11 (43. e3 $2 e5 $17)) 41. Kf1 bxc5 {This unnecessary opening
of the position simply destroys Black's position.} (41... b5 42. b4 a4 43. Rxg6
$5 Rxg6 44. Bxf4 Bxf4 45. Nxf4 Rg7 46. Bxe6+ Ke7 47. Kf2 $14 {with e4 in the
air could be dangerous for Black.}) 42. Nxc5 Nf8 43. e3 $14 {We can say now at
move 42 (!), that one side, in this case White, has achieved an advantage.}
Rxg5 44. hxg5 N6h7 45. Bxf4 Bb6 46. Nxe6 Nxe6 47. g6+ Kxg6 48. Bxe6 Ng5 49. Bd7
$16 c5 50. Be8+ Kh6 51. dxc5 Bxc5 52. Ke2 d4 53. e4 h4 54. Bd7 Kg6 55. Bg4 $18
Nf7 56. Bh2 Kg5 57. Be6 Bd6 58. f4+ Bxf4 59. Bxf4+ Kxf4 60. Bxf7 h3 61. e5 Kxe5
62. Bh5 Kf4 63. Be8 Ke5 64. b4 Kd5 65. Bh5 axb4 66. b3 1-0

[Event "FRA-chT Top 16 Gp Basse"]
[Site "France"]
[Date "2007.05.31"]
[Round "8.3"]
[White "Hauchard, Arnaud"]
[Black "Postny, Evgeny"]
[Result "0-1"]
[WhiteElo "2474"]
[BlackElo "2622"]
[Annotator "Postny,E"]
[PlyCount "140"]
[EventDate "2007.05.31"]
[EventType "team"]
[EventRounds "11"]
[EventCountry "FRA"]
[SourceTitle "CBM 119"]
[Source "ChessBase"]
[SourceDate "2007.08.01"]
[SourceVersion "1"]
[SourceVersionDate "2007.08.01"]
[SourceQuality "1"]
[WhiteTeam "Paris Chess Club"]
[BlackTeam "Metz Fischer"]
[WhiteTeamCountry "FRA"]
[BlackTeamCountry "FRA"]

1. c4 c6 2. Nf3 d5 3. e3 Nf6 4. Nc3 a6 5. b3 {The French grandmaster avoids
the main lines of the Chebanenko Slav.} Bf5 6. Be2 e6 {It is common to
preserve the bishop by 6...h6, but for some reason I didn't want to waste a
tempo.} (6... h6 7. O-O e6 8. Bb2 Bd6 9. d4 Nbd7 10. c5 Bc7 11. b4 O-O 12. a4
Qe7 (12... b6 $5 $11 {Dautov}) 13. b5 Ba5 14. Nd2 Bxc3 15. Bxc3 Ne4 16. Ba5
Nxd2 17. Qxd2 axb5 18. axb5 e5 19. Bc3 $14 {1-0 Malakhov,V (2672)-Dautov,R 
(2611)/Istanbul 2003/CBM 096 (40)}) 7. Nh4 $1 Bg6 8. Bb2 Nbd7 9. O-O Bd6 $6 {
Inaccuracy. It was better to attack the Nh4, to force White either to retreat
with the knight or to exchange on g6.} (9... Ne4 $1 10. Nxg6 (10. Nf3 $11)
10... hxg6 11. Nxe4 dxe4 12. d3 Qh4 13. h3 O-O-O $132) 10. d3 $6 (10. f4 $1 {
The idea f4-f5 would have been annoying for Black.} Ne4 (10... Qc7 $6 11. cxd5
cxd5 (11... exd5 12. g3 $16 {[%csl Rg6][%cal Gf4f5]}) 12. Rc1 $36) 11. Nxg6 (
11. Qe1 $1 Ndf6 12. Rc1 $14) 11... hxg6 12. Nxe4 dxe4 13. Bxg7 Rh7 14. Bc3 Qh4
15. h3 g5 16. Qe1 gxf4 17. exf4 Bxf4 18. Qxh4 Rxh4 $132) 10... O-O 11. g3 {
Here 11.f4 was not so effective since the Pe3 is weakened.} Re8 12. Nxg6 hxg6
13. Bf3 {The position is equal, but I was intending to play for a win, since
the situation in the match was unclear.} Qe7 14. Bg2 Rad8 15. d4 {Now the
position is similar to those that arise in the Slav Defence after 1.d4 d5 2.c4
c6 3.Nf3 Nf6 4.e3 Bf5 5.Nc3 e6 6.Nh4 Bg6.} g5 16. Qc2 Ba3 $1 {Seemingly, Black
exchanges his good bishop for White's restricted one. However, my idea was to
play g6 followed by Kg7 and Rh8 creating pressure along the h-file. Without
the exchange of the dark-squared bishops this plan would fail, since at an
appropriate moment White would play e3-e4 opening up the centre and the long
diagonal a1-h8.} 17. Rad1 Bxb2 18. Qxb2 g4 {Fixing the kingside. Of course,
this move might also have a drawback, Pg4 could become a target.} 19. Rfe1 Nb6
20. Na4 $2 {I was very surprised to see this.} (20. c5 $6 Nbd7 {followed by
e6-e5 is exactly what Black is striving for.}) (20. Bf1 {I expected this move.}
e5 21. cxd5 Nbxd5 22. Nxd5 Nxd5 23. dxe5 Qxe5 24. Qxe5 Rxe5 25. Rd3 $11 (25. e4
$2 Rde8)) (20. e4 $5 dxc4 21. bxc4 Nxc4 22. Qe2 Na3 $1 {[%cal Ga3b5]} (22... b5
$6 23. e5 Nd5 24. Ne4 f5 25. exf6 gxf6 26. Qxg4+ Qg7 27. Qh5 $14) 23. e5 Nd5
24. Ne4 f5 25. exf6 Nxf6 26. Nxf6+ Qxf6 27. Qxg4 Nb5 28. Re5 Rxd4 29. Rxd4 Qxe5
30. Rd7 Rf8 {and Black defends successfully.}) 20... Nxa4 21. bxa4 dxc4 22. Rc1
(22. Rb1 e5 $1 23. dxe5 Nd7 $1 {The same idea as in the game works fine here
as well.} 24. Qxb7 Nxe5 25. Qxa6 Rd2 $17) 22... e5 23. dxe5 $2 {
Underestimating the danger.} (23. Rxc4 exd4 (23... e4 24. Rb1 Rd7 25. Rb4 b5
$15) 24. Rxd4 Rxd4 25. Qxd4 Rd8 26. Qb2 $15) 23... Nd7 $1 {The point! The
knight will be superb on e5, while Pb7 is of less importance.} 24. Qxb7 Nxe5
25. Qxe7 (25. Qxa6 Ra8 (25... Qc5 $17) 26. Qb6 Rxa4 $17) 25... Rxe7 26. Re2 (
26. Rc2 Red7 27. Kf1 Rd2 $17) 26... Red7 27. h3 Rd1+ 28. Rxd1 Rxd1+ 29. Kh2 Rc1
$2 {In a winning position I started to play badly.} (29... c3 $2 30. Rc2 Rd2
31. Rxc3 Rxf2 32. hxg4 Rxa2 33. Kh3 Rxa4 34. Rc5 (34. Bxc6 $2 Rc4 35. Rxc4 Nxc4
$19) 34... Nxg4 35. Bxc6 Nf2+ 36. Kg2 Nd3 37. Rd5 Ra2+ 38. Kf3 $15) (29... f5
$1 {was very much called for. White's position is totally cramped.} 30. e4 (30.
hxg4 fxg4 31. Be4 Kf7 32. Kg2 Ke6 33. f4 gxf3+ 34. Bxf3 Rd3 35. Kf2 Ra3 $19)
30... Nf3+ 31. Bxf3 gxf3 32. Rc2 (32. Re3 Rd3 {In my calculations I just
missed this simple move.} 33. Re1 Rd2 $19) 32... fxe4 $19) 30. hxg4 Nxg4+ 31.
Kh3 {Now White gets some chances.} Ne5 32. f4 Nd3 33. Bxc6 c3 34. Be4 (34. Kh4
Nb4 (34... c2 $2 35. Kg5 Nb4 36. Be4) 35. Be4 Rd1 36. Kg4 g6 37. Kf3 f5 38. Bc2
Rf1+ 39. Kg2 Rc1 40. Bb3+ Kf8 41. a3 Nd3 42. Kh2 Ne1 {[%cal Ge1f3,Gf3d2]} 43.
Rf2 Rb1 $19) 34... Re1 35. Rc2 Rxe3 $2 {Another awful decision. It's clear
that Black should keep the knight. The rook endgames are "unwinnable".} (35...
Nc5 36. Bd5 Rxe3 37. Bb3 a5 $17) 36. Bxd3 Rxd3 37. Re2 Rd8 (37... Kf8 {Also
insufficient for a win.} 38. Re5 f6 (38... c2 39. Rc5 Rd2 40. Kg4 Ke7 41. Kf3
Kd6 42. Rc8 Kd5 43. Ke3 Rh2 44. a5 g6 45. Rc7 f5 46. a4 $11) 39. Re6 $1 c2 40.
Rc6 Rd2 41. Kg4 Ke7 42. Kf3 Kd7 43. Rc3 Kd6 44. Ke3 Rg2 45. Kf3 Rh2 46. Ke4 $11
) 38. Rc2 Rc8 39. Kg4 Kh7 (39... Kf8 40. Kf3 Ke7 41. Ke3 Ke6 42. Kd3 Kf5 43.
Rxc3 Rxc3+ 44. Kxc3 Kg4 45. Kb4 Kxg3 46. Ka5 Kxf4 47. Kxa6 g5 48. a5 g4 49. Kb5
g3 50. a6 g2 51. a7 g1=Q 52. a8=Q $11) 40. Kf5 $1 {Typical "shouldering".} Rc4
41. Rh2+ $1 Kg8 42. Rc2 f6 43. Ke6 Re4+ 44. Kd5 Re3 45. Kc6 {White's king is
extremely active, while mine is still dreaming.} Kf7 46. Kb6 $4 {A big mistake
in a drawish position.} (46. f5 $1 Ke7 47. a5 Rxg3 48. Kb6 Kd6 49. Kxa6 Kc6 50.
Rc1 Rf3 51. Rc2 $11 {Neither side can make any progress here.}) 46... Ke6 {
Now my king is coming towards the Pc3 pawn, the position is winning again.} 47.
Kxa6 Kd5 48. a5 (48. Kb5 Kd4 49. a5 Kd3 50. Rc1 Kd2 51. Rh1 c2 $19) 48... Kc4
49. Kb6 Kd3 50. Rc1 Kd2 51. Rh1 c2 52. a4 $1 {The only chance.} (52. a6 $2 Ra3
53. Rh2+ Kc3 54. Rh1 Kb2 55. a7 Rxa2 56. Kb7 c1=Q 57. Rxc1 Kxc1 58. a8=Q Rxa8
59. Kxa8 Kd2 $19) 52... Re4 $4 {I managed to find one of the moves that does
not win!} (52... Rxg3 53. a6 Rb3+ 54. Ka5 Rh3 55. Rg1 c1=Q 56. Rxc1 Kxc1 57. a7
Rh8 58. Kb6 Kd2 (58... g5 $2 59. fxg5 fxg5 60. Kb7 g4 61. a8=Q Rxa8 62. Kxa8 g3
63. a5 g2 64. a6 g1=Q 65. a7 $11) 59. a5 Kc3 60. a6 Kb4 $19) (52... Ra3 53. Kb5
Rxg3 54. a6 Rh3 55. Rg1 c1=Q 56. Rxc1 Kxc1 57. a7 Rh8 58. Kc6 Kc2 (58... g5 $2
59. fxg5 fxg5 60. Kb7 g4 61. a8=Q Rxa8 62. Kxa8 g3 63. a5 g2 64. a6 g1=Q 65. a7
$11) 59. a5 Kb3 60. a6 Kb4 61. Kb7 Kb5 $19) 53. Kb5 Re1 54. Rh2+ Re2 {Gaining
some time on the clocks.} 55. Rh1 Re1 56. Rh2+ Kd3 57. Rxc2 Kxc2 58. a6 {
This position is rather amazing. White's doubled pawns are very effective.
Black has no win.} Kb3 59. a7 Re8 60. a5 g5 61. fxg5 $2 {In time-trouble White
faced difficult calculations and failed to find the rigth path.} (61. f5 $1 {
The only move that saves White.} g4 62. a6 Rh8 63. Kb6 Kb4 64. Kb7 Kb5 65. a8=Q
Rxa8 66. Kxa8 Kxa6 67. Kb8 Kb6 68. Kc8 Kc6 69. Kb8 $1 Kd6 70. Kb7 Ke5 71. Kc6
Kxf5 72. Kd5 Kg5 73. Ke4 f5+ 74. Ke3 Kf6 75. Kd3 Ke5 76. Ke3 $11) (61. a6 $2
gxf4 62. gxf4 f5 63. Kb6 Kb4 64. Kb7 Kb5 65. a8=Q Rxa8 66. Kxa8 Kxa6 67. Kb8
Kb6 68. Kc8 Kc6 69. Kd8 Kd5 70. Ke7 Ke4 $19) 61... fxg5 62. g4 Rh8 63. a6 Rg8
64. Kb6 Kb4 65. Kb7 Kb5 66. a8=Q Rxa8 67. Kxa8 Kxa6 68. Kb8 Kb6 69. Kc8 Kc6 70.
Kd8 Kd6 {[%cal Gd6e5,Ge5f4,Gf4g4][%mdl 4096] This win brought my team "Metz
Fischer" an important match victory with a narrow score of 3-2.} 0-1

[Event "Rohde op 10th"]
[Site "Sautron"]
[Date "2010.10.28"]
[Round "7"]
[White "Prohaszka, Peter"]
[Black "Dziuba, Marcin"]
[Result "1/2-1/2"]
[WhiteElo "2529"]
[BlackElo "2579"]
[Annotator "Primel,D"]
[PlyCount "76"]
[EventDate "2010.10.23"]
[EventType "swiss"]
[EventRounds "9"]
[EventCountry "FRA"]
[SourceTitle "EXT 2012"]
[Source "ChessBase"]
[SourceDate "2011.11.24"]
[SourceVersion "1"]
[SourceVersionDate "2011.11.24"]
[SourceQuality "1"]

1. c4 c6 2. Nf3 d5 3. g3 Bg4 (3... dxc4 4. Bg2 Nf6 (4... b5 5. a4 $36) 5. O-O
Nbd7) (3... Bf5 4. Bg2 Nf6 5. cxd5 cxd5 6. Qb3 $36 {[%csl Rb7]}) 4. Bg2 (4. Ne5
Be6 $1 {Pantsulaia,L (2578)-Gelfand,B (2717) FIDE World Cup 2005 (3.5) 0-1})
4... e6 5. O-O Nd7 $5 {L'intérêt de cet ordre de coups qui retarde la sortie
naturelle du Ngf6 est d'empêcher le thème Ne5 attaquant le Bg4} (5... Nf6 6. b3
Be7 7. Bb2 O-O 8. d3) 6. cxd5 $1 {Un coup multifonction qui libère les Blancs
de la menace dc4 et après Nbd7, les Noirs n'ont plus l'option de reprendre du
P"c" pour jouer le coup actif Nc6} exd5 (6... cxd5 $143 7. Nc3 Ngf6 8. d3 Be7
9. Bf4 $36 {[%csl Gc7][%cal Ga1c1,Gc3b5];Loginov,V (2540)-Huebner,R (2615)
Manila ol (Men) 1992 1-0}) 7. d3 Ngf6 (7... Bd6 $5) 8. Nc3 ({RR} 8. h3 Bh5 9.
Nh4 Bc5 10. d4 Bb6 11. Nc3 O-O 12. Qd3 Re8 13. Bd2 Qe7 14. g4 Bg6 15. Nxg6 hxg6
16. Bf4 Ne4 17. Nxe4 dxe4 18. Qb3 Nf6 19. Be5 Nd5 20. Bxe4 Bxd4 21. Bxd5 Bxe5
22. Bg2 a5 {McShane,L (2645)-Adams,M (2723)/London 2010/CBM 140/1/2-1/2 (44)})
8... Bxf3 {moins courant que Be7 ou même Bc5} (8... Be7 {la ligne principale})
(8... Bc5) 9. Bxf3 {A noter que Fritz12 et Rykba 4 proposent ef3 qui est un
coup... trés laid!} d4 (9... Bd6 $5 10. e4 dxe4 {Clemens,C (2360)-Kurajica,B 
(2525) Hamburg Favoriten 1980 (1) 1/2} (10... d4)) 10. Nb1 (10. Ne4 Nxe4) 10...
Be7 $146 ({RR} 10... Bc5 11. Nd2 O-O 12. Rb1 a5 13. a3 Qe7 14. Nc4 Rfe8 15. Bd2
Ne5 16. Nxa5 Nxf3+ 17. exf3 Qd7 18. Re1 Rxe1+ 19. Bxe1 Bb6 20. Nc4 Bc7 21. Qb3
b5 22. Nd2 c5 23. Ne4 Qc6 24. Rc1 Nxe4 25. fxe4 {Nikolic,P (2631)-Doric,D 
(2482)/Vogosca 2007/CBM 118 ext/1-0 (43)}) 11. Nd2 Ne5 12. Bg2 O-O 13. Qc2 a5
$11 14. Nc4 Nxc4 15. Qxc4 Re8 16. Bf4 (16. Bf3 {[%csl Re2][%cal Ge7f8,Ge8e2]})
16... Bd6 $1 {[%cal Ge8e2]} 17. Bxd6 Qxd6 18. Bf3 Re5 $36 19. Rab1 Rc5 20. Qa4
Rb5 21. a3 Nd7 22. b4 Nb6 {[%csl Ra4]} 23. Qc2 axb4 24. Rxb4 Rxa3 25. Rxb5 cxb5
26. Rb1 b4 27. Bxb7 g6 28. Kg2 Kg7 29. Qc6 Qxc6+ 30. Bxc6 Rc3 31. Bb5 b3 32.
Kf3 f5 33. e3 Kf6 34. exd4 g5 35. g4 fxg4+ 36. Kxg4 h5+ 37. Kxh5 Kf5 38. Kh6
Kf6 1/2-1/2

[Event "FRA-ch 56th"]
[Site "Vitrolles"]
[Date "1981.08.22"]
[Round "4"]
[White "Seret, Jean Luc"]
[Black "Goldenberg, Richard"]
[Result "1/2-1/2"]
[WhiteElo "2365"]
[BlackElo "2335"]
[Annotator "Primel,D"]
[PlyCount "30"]
[EventDate "1981.08.19"]
[EventType "swiss"]
[EventRounds "11"]
[EventCountry "FRA"]
[SourceTitle "EXT 2004"]
[Source "ChessBase"]
[SourceDate "2003.11.25"]
[SourceVersion "1"]
[SourceVersionDate "2003.11.25"]
[SourceQuality "1"]

1. g3 Nf6 2. Bg2 d5 3. Nf3 c6 4. O-O Bg4 5. c4 Nbd7 (5... e6 {Plus solide} 6.
b3 Nbd7 7. Bb2 Bd6 8. d3 O-O 9. Nbd2 Qe7 10. a3 a5 11. Re1 e5 $11) 6. b3 (6. d3
e6 7. cxd5 exd5 8. Nc3 Be7 9. Qc2 O-O 10. e4 dxe4 11. dxe4 Qa5 12. h3 Bxf3 13.
Bxf3 Ne5 14. Bg2 Rad8 15. a3 Qa6 $1 {[%csl Rd3]}) 6... e5 7. cxd5 cxd5 8. Bb2
$146 (8. d3 Bd6 9. h3 Bxf3 10. Bxf3 Qe7 11. Nc3 Qe6 12. Nb5 Bb8 13. Ba3 {
McDevitt-Henry,P Cork op 1971 0-1}) 8... Bd6 $132 {[%csl Gd5,Ge5]} 9. d4 e4 10.
Ne5 O-O 11. f4 exf3 12. exf3 Bf5 13. Re1 (13. g4) 13... Re8 14. Nd2 Rc8 15. g4
Bc2 1/2-1/2

[Event "POL-chT 66th"]
[Site "Katowice"]
[Date "2010.09.08"]
[Round "5"]
[White "Dziuba, Marcin"]
[Black "Hnydiuk, Aleksander"]
[Result "1-0"]
[WhiteElo "2579"]
[BlackElo "2448"]
[Annotator "RR"]
[PlyCount "84"]
[EventDate "2010.09.04"]
[EventType "team-tourn"]
[EventRounds "9"]
[EventCountry "POL"]
[SourceTitle "EXT 2016"]
[Source "ChessBase"]
[SourceDate "2015.10.08"]
[SourceVersion "1"]
[SourceVersionDate "2015.10.08"]
[SourceQuality "1"]
[WhiteTeam "Lublin"]
[BlackTeam "Prokonex"]
[WhiteTeamCountry "POL"]
[BlackTeamCountry "POL"]

1. Nf3 d5 2. g3 Bg4 3. Bg2 Nd7 4. c4 e6 5. d3 Ngf6 6. O-O Bd6 7. Nc3 c6 8. cxd5
exd5 (8... cxd5 {[%csl Rd7]}) 9. Qc2 O-O 10. e4 dxe4 (10... Re8 11. h3 Bxf3 12.
Bxf3 dxe4 13. dxe4 Nc5 14. Be3 Qe7 15. Rad1 Ne6 16. Bg2 Bc5 17. e5 Nd7 18. Bxc5
Nexc5 19. b4 Ne6 20. Ne4 Red8 21. Qb2 Ng5 22. Nxg5 Qxg5 23. Rfe1 a6 24. e6 fxe6
25. Rxe6 Nf6 26. Rde1 Rd7 27. Re7 Rad8 28. Qb3+ Nd5 29. R7e5 Qf6 30. h4 Rf8 31.
R1e2 Kh8 32. Bxd5 cxd5 33. Rxd5 Re7 34. Qc2 h6 35. Rxe7 Qxe7 36. Qd2 Qe4 37.
Rd4 Qf3 38. a4 b5 39. a5 Re8 40. Rd8 {Artemiev,V (2621)-Matlakov,M (2695)
Yerevan 2014 1-0 (129)}) 11. dxe4 Re8 12. h3 Bh5 13. Nh4 Be5 14. Ne2 $146 (14.
Be3 Qa5 15. Kh1 Bxc3 16. bxc3 Ne5 17. Bd4 Nfd7 18. f4 Nc4 19. g4 Rad8 20. gxh5
Qxh5 21. Nf5 Nf6 22. Rg1 {1-0 (22) Kurtz,M-Kepenekidis,A ICCF corr 1992}) 14...
Qb6 15. Kh1 Bxe2 $5 16. Qxe2 Nc5 {[%csl Rd3]} 17. Nf5 g6 18. Nh6+ Kg7 19. Be3
Qxb2 $6 20. Qc4 $1 $44 {[%csl Rc5][%cal Gc4a2,Ga1b1,Gb1b7]} Ne6 21. Rab1 Qc3
22. Qxc3 Bxc3 23. Rxb7 $14 Rf8 24. Rd1 Ba5 $6 {[%csl Ra5] Malgré l'échange
des Q, les Noirs ont des petits problèmes pour terminer le developpement} 25.
e5 Nd5 26. Bxd5 cxd5 27. Ng4 $1 {[%csl Gf6]} g5 28. Rxd5 Bb6 29. Kg2 h5 30. Nf6
Bxe3 31. fxe3 $36 Kg6 32. Rd2 (32. Kf3) 32... Rfb8 33. Rbd7 Rb5 34. Nd5 $16
Rab8 35. Rf2 Rf8 36. Ne7+ Kg7 37. Rxa7 {[%csl Ga2]} Rxe5 38. a4 {[%cal Gf2a2]}
Kh7 39. Nf5 (39. Ra2 Rxe3 40. Nf5 Re5 41. Nd6 Kg6 42. a5 Rd5 43. Rd7 {[%cal
Ga5a8]} Nc5) 39... Ng7 40. Nd6 Rxe3 41. Nxf7 g4 $2 42. Rf6 Rh8 1-0

[Event "Bundesliga 1112"]
[Site "Germany"]
[Date "2011.11.19"]
[Round "4.4"]
[White "Miroshnichenko, Evgenij"]
[Black "Golod, Vitali"]
[Result "1-0"]
[WhiteElo "2624"]
[BlackElo "2579"]
[Annotator "RR"]
[PlyCount "89"]
[EventDate "2011.10.14"]
[EventType "team-tourn"]
[EventRounds "15"]
[EventCountry "GER"]
[SourceTitle "CBM 146"]
[Source "ChessBase"]
[SourceDate "2012.01.18"]
[SourceVersion "1"]
[SourceVersionDate "2012.01.18"]
[SourceQuality "1"]
[WhiteTeam "Hockenheim"]
[BlackTeam "Muelheim Nord"]
[WhiteTeamCountry "GER"]
[BlackTeamCountry "GER"]

1. Nf3 d5 2. g3 g6 3. c4 c6 4. Qa4 d4 5. Bg2 Bg7 6. d3 Nh6 7. Nbd2 Nf5 8. O-O
O-O 9. b4 Re8 10. Rb1 Nd7 11. Nb3 e5 12. Nfd2 Nd6 13. Na5 Nf6 14. Qc2 Qc7 15.
a4 Bd7 16. c5 Nf5 17. Nac4 Be6 18. Ne4 Nxe4 19. dxe4 Nh6 20. Nd6 Rf8 21. f4 f6
22. f5 Bd7 23. e3 dxe3 24. Bxe3 Kh8 25. Qb3 Be8 26. Rbd1 Bf7 27. Qc2 Bg8 28.
Bh3 Rad8 29. Rd3 gxf5 30. Bxh6 Bxh6 31. Bxf5 b6 32. Rfd1 Rb8 33. Nc4 Rbd8 34.
Nd6 Rb8 35. Qg2 bxc5 36. Qh3 Qg7 37. bxc5 Rb4 38. Be6 Bg5 $2 (38... Rd4 39. Kg2
Be3 $11) 39. Bxg8 $18 Qxg8 40. Qd7 Rb2 $6 (40... Rd4 41. Rxd4 exd4 $16) 41. Nf5
$18 Rfb8 42. h4 Bf4 43. Qe7 Rf8 44. Qxf8 $3 Qxf8 45. Rd8 1-0